Statistiques concernant The Legend of Zelda

Cliquez ici pour prendre le quiz!

Statistiques générales

  • Ce quiz a été pris 2 010 fois
  • Le résultat moyen est 10 sur 15

Statistiques - réponses

HintRéponse% Correct
Quel est le nom du héros de la saga ?Link
100%
De quel instrument joue-t-il dans plusieurs jeux ?Ocarina
96%
Quel est le nom du cheval de Link ?Epona
91%
Comment s'appelle le monde où se déroulent les jeux ?Hyrule
90%
Comment s'appelle l'ennemi principal de Link dans "Ocarina of Time" ?Ganondorf
89%
En combien de jours doit-on vaincre Skull Kid dans "Majora's Mask" ?3
84%
Avec quoi Link se déplace-t-il dans "Phantom Hourglass" ?Bateau
71%
A quel peuple appartenait-il ?Gerudo
71%
A quel peuple appartient Link ?Hylien
71%
En quoi Link est-il transformé au début de "Majora's Mask" ?Mojo
61%
Comment s'appelle le sage du Temple de la Forêt dans "Ocarina of Time" ?Saria
48%
Comment s'appelle l'ennemi principal de Link dans "The Minish Cap" ?Vaati
42%
Quel outil permet de dévoiler des objets/lieux cachés ?Monocle de Vérité
41%
D'où vient Skull Kid dans "Majora's Mask" ?Bois Perdus
31%
Qui a créé la saga ?Miamoto
27%

Distribution des résultats

Percentile par nombre de réponses

% des personnes avec chaque résultat

Votre développement - résultats

Vous n’avez pas pris ce quiz